| 000 | 00383nam a22001577a 4500 | ||
|---|---|---|---|
| 003 | SGT | ||
| 020 | _a9780702070273 | ||
| 082 |
_a610 _bD18R |
||
| 100 | _aRALSTONE, STUART. | ||
| 245 | _aDavidson S Principles and Practice of Medicine | ||
| 250 | _a23rd | ||
| 260 |
_aNEW DELHI _bELSEVIER INDIA _c2018 |
||
| 300 | _a1-1417 | ||
| 650 | _a GENERAL MEDICINE | ||
| 942 |
_2ddc _cBK _030 |
||
| 999 |
_c20892 _d20892 |
||